000 00639ntaaa2200193 4500
003 01
005 20251027202859.0
008 0714s1973 ag 01
040 _aAR-BaBN
_bspa
_cAR-BaBN
_eaacr
_dRIC
082 _a269.3000 C67L3
100 _aColeman, Robert E
_9743
245 _aThe Lord's plan to spread the good news
250 _a1 ed.
260 _aMadras, India :
_bEvangelical Literature Service,
_c1964
300 _a117 p
500 _aAdapted into everyday English by H. Dennett and edited for Indian readers by J.W. McMillan.Título originalmente "The master plan of evangelism".
650 _aevangelismo
_9336
942 _cBK
999 _c24140
_d24140